US State Capital "Hangman" - Randomized - Statistics

General Stats
  • This quiz has been taken 2,645 times
  • The average score is 4 of 7
Answer Stats
Spelling % Correct
A
99%
A
99%
A
98%
A
97%
A
96%
A
96%
A
96%
A
94%
A
94%
A
92%
O
89%
O
89%
E
88%
O
87%
O
84%
I
83%
L
81%
E
78%
N
77%
E
75%
I
75%
O
72%
O
71%
O
70%
I
69%
N
69%
O
69%
I
68%
I
67%
T
67%
T
67%
N
65%
N
65%
I
64%
R
64%
L
62%
L
62%
S
61%
S
61%
N
59%
N
59%
T
57%
T
57%
T
57%
H
55%
M
55%
M
55%
N
55%
N
55%
R
55%
N
52%
N
51%
P
50%
S
50%
G
49%
L
47%
S
47%
R
46%
Y
46%
L
44%
L
44%
C
43%
N
43%
D
42%
G
42%
U
42%
U
42%
G
41%
C
38%
C
37%
C
37%
D
34%
J
28%
K
27%
H
26%
P
24%
X
22%
No matching quizzes found
Score Distribution
Percent of People with Each Score
Percentile by Number Answered
Your Score History
You have not taken this quiz